00274nam a2200109Ia 4500008004100000082001700041100001400058245002900072250000800101260004700109300000800156191201s2013 xx 000 0 und d a005.133bKAE aBALUJA,GS 0aData Structure Through C aRep c2013bDhanpat Rai Pubns (P) LtdaNEW DELHI a651